Music Quiz

Random Music or Album Quiz

Beyoncé Songs Quiz Stats

 Plays Quiz Updated Jun 18, 2016

Score 0/74 Timer 06:00
0 Plays Today
Album Song % Correct
Dangerously in LoveCrazy in Love
88.3%
BeyoncéDrunk In Love
76.9%
LemonadeFormation
76.3%
I Am…  Sasha FierceHalo
76.2%
I Am…  Sasha FierceSingle Ladies (Put a Ring on It)
75.8%
LemonadeSorry
74.1%
LemonadeHold Up
72.9%
BeyoncéPartition
70%
Dangerously in LoveBaby Boy
67.4%
I Am…  Sasha FierceIf I Were a Boy
67.2%
B'DayIrreplaceable
64.5%
BeyoncéPretty Hurts
64.4%
4Run the World (Girls)
63.7%
BeyoncéBlue
63.5%
BeyoncéXO
63.4%
4Love on Top
62.8%
BeyoncéFlawless
62%
4Countdown
60.9%
I Am…  Sasha FierceDiva
60.4%
B'DayDéjà Vu
60.1%
LemonadeAll Night
59.9%
LemonadeSandcastles
59.7%
Dangerously in LoveNaughty Girl
59.5%
LemonadeFreedom
59.3%
Lemonade6 Inch
58.9%
LemonadeDaddy Lessons
58.7%
BeyoncéHaunted
57.5%
BeyoncéBlow
56.8%
LemonadePray You Catch Me
56.5%
41+1
56.2%
LemonadeDon't Hurt Yourself
56.1%
Dangerously in LoveDaddy
54.7%
BeyoncéMine
52.5%
I Am…  Sasha FierceSweet Dreams
52%
Dangerously in LoveMe, Myself and I
50.5%
BeyoncéJealous
50.4%
B'DayUpgrade U
50.2%
Album Song % Correct
BeyoncéHeaven
50%
LemonadeLove Drought
49.9%
I Am…  Sasha FierceVideo Phone
49.5%
4Party
49.2%
BeyoncéRocket
49.1%
4Best Thing I Never Had
49%
LemonadeForward
47.8%
4End of Time
47.5%
B'DayGet Me Bodied
47%
BeyoncéSuperpower
46.6%
B'DayGreen Light
46.6%
B'DayRing the Alarm
45.7%
B'DayFreakum Dress
45.6%
BeyoncéNo Angel
45.4%
4I Was Here
45.2%
4I Care
44.8%
B'DayKitty Kat
43.4%
I Am…  Sasha FierceAve Maria
40.6%
I Am…  Sasha FierceRadio
40.4%
I Am…  Sasha FierceBroken-Hearted Girl
40.1%
4I Miss You
39.5%
B'DayResentment
37.1%
Dangerously in LoveSigns
36.5%
Dangerously in LoveYes
35.8%
Dangerously in LoveDangerously in Love 2
35.1%
B'DaySuga Mama
33.6%
Dangerously in LoveHip Hop Star
32.5%
I Am…  Sasha FierceSatellites
32.2%
Dangerously in LoveSpeechless
31.3%
4Start Over
31%
4Rather Die Young
30.4%
Dangerously in LoveGift from Virgo
29.3%
I Am…  Sasha FierceDisappear
27.4%
Dangerously in LoveThat's How You Like It
25.3%
Dangerously in LoveBe with You
24.8%
Dangerously in LoveThe Closer I Get to You
24.6%
Dangerously in LoveBeyoncé Interlude
14.8%

You're not logged in!

Compare scores with friends on all Sporcle quizzes.
OR
Log In

Sporcle TV

Today on Sporcle TV


Watch our educational content, quiz creation guides, and fun videos on Sporcle TV.

Show Comments

Extras

Top Quizzes Today


Score Distribution

Your Account Isn't Verified!

In order to create a playlist on Sporcle, you need to verify the email address you used during registration. Go to your Sporcle Settings to finish the process.

Report this User

Report this user for behavior that violates our Community Guidelines.

Details: